| Tag |
First Indicator |
Second Indicator |
Subfields |
| LEADER |
00000cam a2200000 a 4500 |
| 001 |
in00000014521 |
| 005 |
20151007052231.0 |
| 008 |
870226s1987 nyub b 00110 eng |
| 010 |
|
|
|a 87004690
|
| 020 |
|
|
|a 031200754X :
|c $29.95
|
| 035 |
|
|
|a (OCoLC)15316288
|
| 035 |
|
|
|9 AAA6890AM
|
| 040 |
|
|
|a DLC
|c DLC
|d TXA
|d UtOrBLW
|
| 043 |
|
|
|a e-ur---
|
| 049 |
|
|
|a TXAM
|c [A11062410]
|
| 050 |
0 |
0 |
|a DK265
|b .P382 1987
|
| 082 |
0 |
|
|a 947.084/1
|2 19
|
| 100 |
1 |
|
|a Pearce, Brian.
|
| 245 |
1 |
0 |
|a How Haig saved Lenin /
|c Brian Pearce ; foreword by Evan Mawdsley.
|
| 264 |
|
1 |
|a New York :
|b St. Martin's Press,
|c 1987.
|
| 300 |
|
|
|a xii, 138 pages :
|b maps ;
|c 23 cm.
|
| 336 |
|
|
|a text
|b txt
|2 rdacontent
|
| 337 |
|
|
|a unmediated
|b n
|2 rdamedia
|
| 338 |
|
|
|a volume
|b nc
|2 rdacarrier
|
| 504 |
|
|
|a Bibliography: pages 126-134.
|
| 500 |
|
|
|a Includes index.
|
| 651 |
|
0 |
|a Soviet Union
|x History
|y Revolution, 1917-1921.
|
| 650 |
|
0 |
|a World War, 1914-1918
|x Influence.
|
| 650 |
|
0 |
|a World War, 1914-1918
|x Peace.
|
| 999 |
|
|
|a MARS
|
| 999 |
f |
f |
|s 2a724d7f-5ac6-3ca1-b498-84abf2978b53
|i d62ff0c8-3715-3cbe-9053-93f2a7756f42
|t 0
|
| 952 |
f |
f |
|p ric
|a Texas A&M University
|b Rellis Campus
|c Joint Library Facility
|d Remote Storage
|t 0
|e DK265 .P382 1987
|h Library of Congress classification
|i unmediated -- volume
|m A14811062410
|
| 998 |
f |
f |
|a DK265 .P382 1987
|t 0
|l Remote Storage
|